000 00812cam a2200193 4500
001 RV123582
008 030915n2002 000 0 eng u
035 _a(Sirsi) u123582
245 _aIndex to the reviews in RICS Abstracts and Reviews 1984-2002 (R738)
260 _c2002
490 _aRICS Abstracts and Reviews
_v38(12) December 2002, 12-13 (2)
520 _aComplete list of all topics published in "RICS Abstracts and Reviews" from 1984 -2002 as reviews of the literature, bibliographies, or reading lists. The index or any of the listed reviews are available from the RICS Library, price £4.00.
650 _aRICS HOT TOPICS
650 _aRICS REVIEWS
650 _aREADING LISTS
650 _aBIBLIOGRAPHIES
690 _aMANAGEMENT-BUSINESS MANAGEMENT-INFORMATION MANAGEMENT
942 _n0
999 _c103060
_d103060